000
00330nam a2200145Ia 4500
005
20251222152623.0
008
251222s9999||||xx |||||||||||||| ||spa||
020
_a
9780557157815
082
_a
863.64/M42
100
_a
Mendoza, Ramiro
245
0
_a
El Premio
250
_a
1ra.ed.
264
_b
El Editorial Lulu
942
_c
LIB
999
_c
27433
_d
27433